Du regime temporel et de la liberte

I tiakina i:
Ngā taipitopito rārangi puna kōrero
Kaituhi matua: Maritain, Jacques (autor)
Hōputu: Pukapuka
Reo:Wīwī
I whakaputaina: París Desclee de Brouwer 1933
Rangatū:Questions Disputees
Ngā marau:
Ngā Tūtohu: Tāpirihia he Tūtohu
Kāore He Tūtohu, Me noho koe te mea tuatahi ki te tūtohu i tēnei pūkete!

MARC

LEADER 00000nam a2200000 a 4500
001 UCY9229
003 CL-VaPUC
008 950713e19330000FR |||||||||||||||||fre|d
082 0 4 |a 844  |b MAR  |2 21 
100 |a Maritain, Jacques  |e autor  |9 255680 
245 1 0 |a Du regime temporel et de la liberte 
300 |a 270 p 
942 |c BK 
945 |d 19950713 00:00:00  |a rbrito 
260 |a París  |b Desclee de Brouwer  |c 1933 
650 0 |a Ensayos franceses  |9 265511 
650 0 |a Libertad  |9 255686 
650 0 |a Religión   |9 255164 
650 0 |a Cultura  |9 269059 
650 0 |a Filosofía   |9 223554 
583 |a last modification  |c 19950713 00:00:00  |k Rodrigo Vera 
490 0 |a Questions Disputees 
999 |c 236355  |d 236353 
952 |0 0  |1 0  |4 0  |6 844_000000000000000_MAR_1933  |7 0  |8 A  |9 244408  |a BIBEDU  |b BIBEDU  |d 2019-11-18  |i 3101991  |o 844 MAR 1933  |p 3101991  |r 2019-11-18  |w 2019-11-18  |y BK  |k LIT